000 01313nam a2200361 i 4500
001 000046793
003 OSt
005 20241105110624.0
007 ta
008 180326e2016 dr ac jr 001 0dspa d
020 _a9789945484205
040 _aDO-SdBPM
_bspa
_cBPMSU
_erda
041 _hspa
082 4 _aRD863.5
_bM578m 2016
_222
100 1 _aMesa, Darihanna,
_d2001-
_eautor
245 1 3 _aEl mimígena :
_b(microrelato) /
_cdiagramación y diseño, Fernando Silvestre Martínez
264 _aSan Cristóbal, República Dominicana :
_bFLAM,
_c2016
300 _a59 páginas ;
_c23 cm.
336 _2rdacontent
_atexto
_btxt
337 _2rdamedia
_asin mediación
_bn
338 _2rdacarrier
_avolumen
_bnc
490 0 _aNueva literatura Juvenil Dominicana ;
_aCol. Marca Provincia ;
500 _aIncluye datos biográficos de la autora en las solapas
500 _a20 aniversario 1997-2017
500 _a8vo. aniversario de talleres literarios "Mi barrio en Letras"
590 _aInventariado, 2018/ YL
650 4 _aCuentos dominicanos
650 4 _aLiteratura dominicana
700 1 _aSilvestre Martínez, Fernando,
_ediagramación y diseño
710 2 _aFundación Literaria Aníbal Montaño (República Dominicana)
910 _aVMateo V. Control de calidad BPMSU
942 _2ddc
_cBK
999 _c14847
_d14847